| 000 | 00745nam a2200277Ia 4500 | ||
|---|---|---|---|
| 003 | OSt | ||
| 005 | 20221006153317.0 | ||
| 006 | a|||||r|||| 00| 0 | ||
| 007 | ta | ||
| 008 | 221006b |||||||| |||| 00| 0 kor d | ||
| 020 | _cW 12,000 | ||
| 024 | _a31,956 | ||
| 037 |
_bGift, Korean Embassy _cTextual |
||
| 040 |
_aEASL _cEASL _bkor |
||
| 041 |
_2kor _akor |
||
| 082 | _aY58, 495P5 | ||
| 100 |
_aYOON Soo-Jong etc Au. _9663401 |
||
| 245 | 0 | _aUri sidae-ui sosuja undong | |
| 260 |
_aSeoul _bIhaksa Korea _c2005 |
||
| 300 |
_a290p. _ccm. |
||
| 490 | _v KL | ||
| 650 | _a KL | ||
| 650 |
_aMinority _9465931 |
||
| 942 |
_hY58, 495P5 _cTEXL _2CC |
||
| 999 |
_c1100042 _d1100042 |
||